| 000 | 00559nam a2200205Ia 4500 | ||
|---|---|---|---|
| 003 | GCL | ||
| 008 | 140319s9999 xx 000 0 eng d | ||
| 020 | _a7508508327 | ||
| 040 |
_aGCL / _cGCL |
||
| 082 | 0 | 4 |
_a382.0951 _bY S |
| 100 | 1 | _aYIPING, ZHANG | |
| 245 | 1 | 0 |
_aSTORY OF THE SILK ROAD / _cYIPING, ZHANG |
| 700 | 1 | _aZONGYI, JIA | |
| 260 |
_aالصين : _bCHINA INTERCONTINENTAL PRESS ، _c2005 |
||
| 300 |
_a27 CM ؛ _c176 P |
||
| 650 | 0 | 4 | _aCHINA - COMMERCE |
| 650 | 0 | 4 | _aCOMMERCE - HISTORY - CHINA |
| 650 | 0 | 4 | _aSILK ROAD - CHINA |
| 942 |
_2ddc _cBK |
||
| 999 |
_c9097 _d9097 |
||